Desestructuración neoliberal y política social.. El Caso del programa alimentario nacional en la Argentina /
Zapisane w:
| 1. autor: | |
|---|---|
| Format: | Texto |
| Hasła przedmiotowe: | |
| Etykiety: |
Dodaj etykietę
Nie ma etykietki, Dołącz pierwszą etykiete!
|
MARC
| LEADER | 00000 a a2200000 04500 | ||
|---|---|---|---|
| 001 | 7314 | ||
| 003 | |||
| 040 | |||
| 100 | |a Posada, Marcelo G. | ||
| 245 | |a Desestructuración neoliberal y política social.. El Caso del programa alimentario nacional en la Argentina / |c Marcelo G. Posada | ||
| 650 | |a NEOLIBERALISMO | ||
| 650 | |a POLITICA AGRICOLA | ||
| 650 | |a ADMINISTRACION AGRICOLA | ||
| 650 | |a DESEMPEÑO ECONOMICO | ||
| 650 | |a INDICADORES ECONOMICOS | ||
| 773 | |g volumen 13, número 2; páginas 169-201 | ||
| 999 | |c 33667 |d 33667 | ||
